000 00485nam a22001697a 4500
999 _c14305
_d14305
003 AR-CdUCM
008 190422b ||||| |||| 00| 0 spa d
040 _aMUNICIPALIDAD PROVINCIAL DEL CUSCO
_cBIBLIOTECA MUNICIPAL DEL CUSCO
082 _aC / 869.56 /
_bJ77
110 _aRojas Perez, Isaias
_933036
245 _aLos jovenes escriben
260 _aCusco :
_bEl Peral,
300 _a24 páginas ;
_c21 cm.
650 _aPoesía.
_9139
942 _2ddc
_cPP
945 _awfj
_d2019-04-22